Innervations des membres supérieurs - Statistiques

Statistiques générales
  • Ce quiz a été pris 124 fois
  • Le résultat moyen est 12 sur 40
Statistiques - réponses
Hint Réponse % Correct
Deltoïde axillaire
68%
Fléchisseur superficiel des doigts Median
55%
Biceps brachial Musculocutané
55%
Long palmaire Median
52%
Fléchisseur ulnaire et radial du carpe median
52%
Supra-épineux supra-scapulaire
52%
Infra-épineux supra-scapulaire
52%
Petit rond axillaire
48%
Rond pronateur Median
48%
Brachial Musculocutané
48%
Triceps brachial Radial
48%
Anconé Radial
48%
Brachioradial Radial
48%
Coracobrachial Musculocutané
45%
Supinateur Radial
42%
Pectoral mineur pectoral
39%
Court et long extenseur radial du carpe Radial
39%
Dentelé antérieur thoracique long
39%
Élévateur de la scapula dorsal scapula
26%
Grand pectoral Pectoral
26%
Long abducteur du pouce Radial
23%
Court abducteur du pouce Median
19%
Abducteur transverse et oblique du pouce Ulnaire
19%
Opposant du petit doigt Ulnaire
19%
Grand rond subscapulaire
16%
Grand dorsal Thoracodorsal
16%
Interosseux palmaires Ulnaire
16%
Subscapulaire subscapulaire + suprascapulaire
13%
Interosseux dorsaux Ulnaire
13%
Abducteur du petit doigt Ulnaire
13%
Petit et Grand rhomboide dorsal scapula
10%
Carré pronateur Interosseux antérieur (branche median)
10%
Long fléchisseur du pouce Interosseux antérieur (branche median)
10%
Fléchisseur profond des doigts Interosseux antérieur (branche median), ulnaire
10%
Extenseur ulnaire du carpe Interosseux postérieur (branche radial)
10%
Extenseur des doigts Interosseux postérieur (branche radial)
10%
Extenseur du petit doigt Interosseux postérieur (branche radial)
10%
Long et court extenseur du pouce Interosseux postérieur (branche radial)
6%
Extenseur de l'index Interosseux postérieur (branche radial)
3%
Lombricaux Median (I-II), ulnaire (III-IV)
0%
Aucun quiz correspondant
Distribution des résultats
% des personnes avec chaque résultat
Percentile par nombre de réponses
Votre historique - résultats
Vous n’avez pas pris ce quiz